Eastern Utah Libraries Catalog: Duchesne, Heber, Roosevelt, & Vernal

21 Jump Street (Record no. 84903)

MARC details
000 -LEADER
fixed length control field 03989cgm a2200829Ia 4500
001 - CONTROL NUMBER
control field ocn789248589
003 - CONTROL NUMBER IDENTIFIER
control field OCoLC
005 - DATE AND TIME OF LATEST TRANSACTION
control field 20241220132501.0
008 - FIXED-LENGTH DATA ELEMENTS--GENERAL INFORMATION
fixed length control field 120425s2012 cau109 vleng d
007 - PHYSICAL DESCRIPTION FIXED FIELD--GENERAL INFORMATION
fixed length control field vd cvaizu
040 ## - CATALOGING SOURCE
Original cataloging agency LPU
Transcribing agency LPU
Modifying agency TEF
-- TEFMT
-- BDX
-- TEF
-- WAU
-- GK8
-- UINTA
019 ## -
-- 794288707
-- 794288710
024 1# - OTHER STANDARD IDENTIFIER
Standard number or code 043396399785
024 1# - OTHER STANDARD IDENTIFIER
Standard number or code 043396402270
028 42 - PUBLISHER NUMBER
Publisher number 39978
Source Columbia Pictures Industries
028 42 - PUBLISHER NUMBER
Publisher number 40227
Source Columbia Pictures Industries
035 ## - SYSTEM CONTROL NUMBER
System control number (OCoLC)789248589
Canceled/invalid control number (OCoLC)794288707
-- (OCoLC)794288710
037 ## - SOURCE OF ACQUISITION
Source of stock number/acquisition Midwest Tape
Note http://www.midwesttapes.com
041 1# - LANGUAGE CODE
Language code of text/sound track or separate title eng
-- fre
-- eng
-- fre
-- spa
Language code of original and/or intermediate translations of text eng
043 ## - GEOGRAPHIC AREA CODE
Geographic area code n-us---
050 #4 - LIBRARY OF CONGRESS CALL NUMBER
Classification number PN1997.2
Item number .A15 2012
082 04 - DEWEY DECIMAL CLASSIFICATION NUMBER
Classification number 791.43/72
Edition number 23
049 ## - LOCAL HOLDINGS (OCLC)
Holding library UCLB
092 ## - LOCALLY ASSIGNED DEWEY CALL NUMBER (OCLC)
Classification number 791.437
245 00 - TITLE STATEMENT
Title 21 Jump Street
Medium [videorecording] /
Statement of responsibility, etc Columbia Pictures and Metro-Goldwyn-Mayer presents ; in association with Relativity Media ; an Original Film, SJC Studios production ; directed by Phil Lord & Christopher Miller ; screenplay by Michael Bacall ; story by Michael Bacall & Jonah Hill ; produced by Neal H. Moritz, Stephen J. Cannell.
246 30 - VARYING FORM OF TITLE
Title proper/short title Twenty one Jump Street
257 ## - COUNTRY OF PRODUCING ENTITY FOR ARCHIVAL FILMS
Country of producing entity United States
-- naf
260 ## - PUBLICATION, DISTRIBUTION, ETC. (IMPRINT)
Place of publication, distribution, etc Culver City, Calif. :
Name of publisher, distributor, etc Columbia Pictures Industries,
Date of publication, distribution, etc [2012]
300 ## - PHYSICAL DESCRIPTION
Extent 1 videodisc (ca. 110 min.) :
Other physical details sd., col. ;
Dimensions 4 3/4 in.
538 ## - SYSTEM DETAILS NOTE
System details note DVD ; NTSC, region 1, anamorphic widescreen (2.40:1), Dolby Digital.
546 ## - LANGUAGE NOTE
Language note English or dubbed French audio; optional English SDH, French or Spanish subtitles; audio-described; closed-captioned.
511 1# - PARTICIPANT OR PERFORMER NOTE
Participant or performer note Channing Tatum, Jonah Hill, Brie Larson, David Franco, Rob Riggle, Deray Davis, Ice Cube.
508 ## - CREATION/PRODUCTION CREDITS NOTE
Creation/production credits note Music, Mark Mothersbaugh ; editor, Joel Negron ; director of photography, Barry Peterson.
500 ## - GENERAL NOTE
General note Based on the television series created by Patrick Hasburgh & Stephen J. Cannell.
500 ## - GENERAL NOTE
General note Special features: commentary with directors and cast ; Back to school featurette.
520 ## - SUMMARY, ETC.
Summary, etc A pair of underachieving cops are sent back to a local high school to blend in and bring down a synthetic drug ring.
521 1# - TARGET AUDIENCE NOTE
Target audience note MPAA rating: R; crude and sexual content, pervasive language, drug material, teen drinking and some violence
-- CHV rating: 14A; coarse language, sexual content.
650 #0 - SUBJECT ADDED ENTRY--TOPICAL TERM
Topical term or geographic name as entry element Undercover operations
Form subdivision Drama.
9 (RLIN) 5676919
650 #0 - SUBJECT ADDED ENTRY--TOPICAL TERM
Topical term or geographic name as entry element Police
Geographic subdivision United States
Form subdivision Drama.
9 (RLIN) 5768326
650 #0 - SUBJECT ADDED ENTRY--TOPICAL TERM
Topical term or geographic name as entry element High school students
Geographic subdivision United States
Form subdivision Drama.
9 (RLIN) 5713961
650 #7 - SUBJECT ADDED ENTRY--TOPICAL TERM
Topical term or geographic name as entry element Policia
Form subdivision Teatro
Source of heading or term bidex
9 (RLIN) 5718420
650 #7 - SUBJECT ADDED ENTRY--TOPICAL TERM
Topical term or geographic name as entry element Escuelas secundarias
Source of heading or term bidex
9 (RLIN) 6236358
655 #7 - INDEX TERM--GENRE/FORM
Genre/form data or focus term Comedy films.
Source of term lcgft
9 (RLIN) 6236359
655 #7 - INDEX TERM--GENRE/FORM
Genre/form data or focus term Film adaptations.
Source of term lcgft
9 (RLIN) 6236360
655 #7 - INDEX TERM--GENRE/FORM
Genre/form data or focus term Fiction films.
Source of term lcgft
9 (RLIN) 6236361
655 #7 - INDEX TERM--GENRE/FORM
Genre/form data or focus term Feature films.
Source of term lcgft
9 (RLIN) 6236362
655 #7 - INDEX TERM--GENRE/FORM
Genre/form data or focus term Video recordings for the hearing impaired.
Source of term lcgft
9 (RLIN) 6236363
655 #7 - INDEX TERM--GENRE/FORM
Genre/form data or focus term Video recordings for people with visual disabilities.
Source of term lcgft
9 (RLIN) 5676923
700 1# - ADDED ENTRY--PERSONAL NAME
Personal name Moritz, Neal H.
Relator term producer.
9 (RLIN) 64986
700 1# - ADDED ENTRY--PERSONAL NAME
Personal name Cannell, Stephen J.
Relator term producer.
9 (RLIN) 32452
700 1# - ADDED ENTRY--PERSONAL NAME
Personal name Bacall, Michael.
Relator term screenwriter.
9 (RLIN) 6214654
700 1# - ADDED ENTRY--PERSONAL NAME
Personal name Hill, Jonah,
Dates associated with a name 1983-
Relator term producer,
-- actor.
9 (RLIN) 74389
700 1# - ADDED ENTRY--PERSONAL NAME
Personal name Lord, Phil,
Dates associated with a name 1977-
Relator term director.
9 (RLIN) 5893495
700 1# - ADDED ENTRY--PERSONAL NAME
Personal name Miller, Chris,
Dates associated with a name 1975-
Relator term director.
9 (RLIN) 5893496
700 1# - ADDED ENTRY--PERSONAL NAME
Personal name Tatum, Channing.
Relator term actor.
9 (RLIN) 72144
700 1# - ADDED ENTRY--PERSONAL NAME
Personal name Larson, Brie,
Dates associated with a name 1989-
Relator term actor.
9 (RLIN) 73056
700 1# - ADDED ENTRY--PERSONAL NAME
Personal name Franco, David,
Dates associated with a name 1985-
Relator term actor.
9 (RLIN) 5900631
700 1# - ADDED ENTRY--PERSONAL NAME
Personal name Riggle, Rob.
Relator term actor.
9 (RLIN) 5747539
700 1# - ADDED ENTRY--PERSONAL NAME
Personal name Davis, DeRay.
Relator term actor.
9 (RLIN) 6178620
700 0# - ADDED ENTRY--PERSONAL NAME
Personal name Ice Cube
Titles and other words associated with a name (Musician),
Relator term actor.
9 (RLIN) 40092
700 1# - ADDED ENTRY--PERSONAL NAME
Personal name Mothersbaugh, Mark.
Relator term composer.
9 (RLIN) 63355
700 1# - ADDED ENTRY--PERSONAL NAME
Personal name Hasburgh, Patrick.
9 (RLIN) 6236364
710 2# - ADDED ENTRY--CORPORATE NAME
Corporate name or jurisdiction name as entry element Relativity Media.
9 (RLIN) 73590
710 2# - ADDED ENTRY--CORPORATE NAME
Corporate name or jurisdiction name as entry element Original Film (Firm)
9 (RLIN) 5763575
710 2# - ADDED ENTRY--CORPORATE NAME
Corporate name or jurisdiction name as entry element SJC Studios.
9 (RLIN) 6236365
710 2# - ADDED ENTRY--CORPORATE NAME
Corporate name or jurisdiction name as entry element Metro-Goldwyn-Mayer.
9 (RLIN) 11252
710 2# - ADDED ENTRY--CORPORATE NAME
Corporate name or jurisdiction name as entry element Columbia Pictures Industries.
9 (RLIN) 15601
938 ## -
-- Brodart
-- BROD
-- 101985401
-- $30.99
942 ## - ADDED ENTRY ELEMENTS (KOHA)
Koha item type DVD
994 ## -
-- C0
-- UINTA
998 ## - LOCAL CONTROL INFORMATION (RLIN)
-- a152434
Holdings
Withdrawn status Lost status Source of classification or shelving scheme Damaged status Not for loan Collection code Home library Current library Shelving location Date acquired Source of acquisition Cost, normal purchase price Total Checkouts Total Renewals Full call number Barcode Date last seen Date checked out Cost, replacement price Price effective from Koha item type
    Dewey Decimal Classification     Movies Wasatch County Library Wasatch County Library Audio Visual Area 12/14/2012 Amazon 15.95 81 8 DVD 21 34301001128885 09/05/2025 08/29/2025 15.95 03/20/2020 DVD
This project was made possible through a grant from the Institute of Museum and Library Service administered by the Utah State Library Division.

Wasatch County Library

  • 465 East 1200 South, Heber City, Utah 84032
  • Phone 435-654-1511 | Fax 435-654-6456

Hours

  • Monday - Friday 9:30 AM - 8:00 PM
  • Saturday 9:30 AM - 1:30 PM
  • Closed Sundays and Holidays